00651nam a2200181 a 4500001000500000005001700005008004100022020001800063050001700081100001800098245006600116260003700182300002600219520014500245650003000390650003000420650001900450378620140414131921.0061012s19uu xx 00 eng d a0-06-444223-3 aERbSi3 1998 aHoban, Lilian aSilly Tilly's valentine /cstory and pictures by Lilia Hoban. aU. S. A :bHarper Trophy,c1998. a48 p. : ill. ; cm. aMr. Bunny reminds her that the day is special, but while trying to recall why, silly Tilly, the forgetful mole, gets distracted by the snow. aValentine's Dayxfiction. aMoles (Animals)xfiction. aSnowxfiction.